[Event "IECG TE.2005.P.01913"]
[Site "IECG email"]
[Date "2005.06.19"]
[Round "?"]
[White "Ekaworawong, Prayoon"]
[Black "Soldini, Paolo"]
[Result "0-1"]
[WhiteElo "1819"]
[BlackElo "1670"]
[PlyCount "52"]
[EventDate "2005.06.19"]
[EventType "tourn (corr)"]
[EventRounds "8"]
[SourceTitle "Corr 2008"]
[Source "ChessBase"]
[SourceDate "2008.06.24"]
[SourceVersion "1"]
[SourceVersionDate "2008.06.24"]
[SourceQuality "1"]

1. d4 d5 2. e4 dxe4 3. Nc3 f5 4. f3 Nf6 5. fxe4 fxe4 6. Bc4 Nc6 7. Nge2 e5 8. d5 Na5 9. Bb5+ Bd7 10. Bxd7+ Qxd7 11. h3 0-0-0 12. Bg5 Nc4 13. Qc1 Bc5 14. b3 Nb6 15. Be3 Qe7 16. 0-0 Nbxd5 17. Nxd5 Nxd5 18. Bxc5 Qxc5+ 19. Kh1 Ne3 20. b4 Qb6 21. Rg1 Rhf8 22. c4 Rd3 23. a3 Rf2 24. Ra2 Ng4 25. Nc3 Rxa2 26. Nxa2 Qf2 0-1

[Event "IECG TE.2005.P.01913"]
[Site "IECG email"]
[Date "2005.06.19"]
[Round "?"]
[White "Soldini, Paolo"]
[Black "Tyutyunnik, Roman"]
[Result "0-1"]
[WhiteElo "1670"]
[BlackElo "2383"]
[PlyCount "114"]
[EventDate "2005.06.19"]
[EventType "tourn (corr)"]
[EventRounds "8"]
[SourceTitle "Corr 2008"]
[Source "ChessBase"]
[SourceDate "2008.06.24"]
[SourceVersion "1"]
[SourceVersionDate "2008.06.24"]
[SourceQuality "1"]

1. d4 d5 2. e4 dxe4 3. Nc3 Nf6 4. f3 c6 5. Nxe4 Nxe4 6. fxe4 e5 7. Nf3 exd4 8. Qxd4 Qxd4 9. Nxd4 Nd7 10. Bf4 Nc5 11. 0-0-0 Ne6 12. Be5 f6 13. Bc4 Nc5 14. Bc7 b5 15. Be2 Ne6 16. Nxe6 Bxe6 17. e5 Rc8 18. Bd6 Bxd6 19. exd6 Kd7 20. a3 a5 21. Rhe1 Rhe8 22. b3 Bf5 23. g4 Be4 24. g5 f5 25. c4 b4 26. axb4 axb4 27. h4 Ra8 28. Kb2 c5 29. Bd3 Bxd3 30. Rxe8 Rxe8 31. Rxd3 f4 32. Kc1 Re1+ 33. Kd2 Re6 34. Rf3 Rxd6+ 35. Ke2 Rd4 36. Rf1 Ke6 37. Ra1 Re4+ 38. Kf2 Kf5 39. Ra7 g6 40. Rxh7 Re3 41. Rc7 Kg4 42. Rxc5 Rxb3 43. Rc6 Rb2+ 44. Ke1 Kxh4 45. Rxg6 b3 46. Rb6 Kxg5 47. c5 Kg4 48. c6 Kg3 49. c7 Rc2 50. Rg6+ Kf3 51. Rb6 Rxc7 52. Rxb3+ Kg2 53. Rb2+ Kg3 54. Rb8 Rc1+ 55. Kd2 Ra1 56. Rb6 f3 57. Rg6+ Kf2 0-1

[Event "IECG TE.2005.P.01913"]
[Site "IECG email"]
[Date "2005.06.19"]
[Round "?"]
[White "Tyutyunnik, Roman"]
[Black "Soldini, Paolo"]
[Result "1/2-1/2"]
[WhiteElo "2383"]
[BlackElo "1670"]
[PlyCount "31"]
[EventDate "2005.06.19"]
[EventType "tourn (corr)"]
[EventRounds "8"]
[SourceTitle "Corr 2008"]
[Source "ChessBase"]
[SourceDate "2008.06.24"]
[SourceVersion "1"]
[SourceVersionDate "2008.06.24"]
[SourceQuality "1"]

1. d4 d5 2. e4 dxe4 3. Nc3 e5 4. Be3 Bb4 5. dxe5 Bxc3+ 6. bxc3 Qxd1+ 7. Rxd1 Nc6 8. Bc4 Nge7 9. f4 exf3 10. Nxf3 Bg4 11. Bd4 0-0 12. Kf2 Rad8 13. Rhe1 Ng6 14. Bd3 b6 15. Kg3 Be6 16. a3 1/2-1/2

[Event "IECG CP.2004.P.00030 email"]
[Site "IECG email"]
[Date "2004.10.01"]
[Round "?"]
[White "Soldini, Paolo"]
[Black "Tomassi, Emidio"]
[Result "0-1"]
[WhiteElo "1659"]
[BlackElo "1344"]
[PlyCount "158"]
[EventDate "2004.10.01"]
[EventType "tourn (corr)"]
[EventRounds "6"]
[SourceTitle "Corr 2024"]
[Source "ChessBase"]
[SourceDate "2023.10.19"]
[SourceVersion "1"]
[SourceVersionDate "2023.10.19"]
[SourceQuality "1"]

1. e4 e5 2. Nf3 Nc6 3. Bb5 a6 4. Ba4 Nf6 5. d3 d6 6. c3 b5 7. Bb3 Be7 8. Ng5 0-0 9. 0-0 Na5 10. Bc2 h6 11. Nf3 c5 12. Qe2 Qc7 13. Nbd2 Bb7 14. Re1 Rfe8 15. Nb3 Nxb3 16. Bxb3 c4 17. dxc4 bxc4 18. Bxc4 Nxe4 19. Be3 d5 20. Bb3 Nc5 21. Bc2 Bd6 22. Bxc5 Bxc5 23. Rad1 Bc6 24. Bb3 Bb5 25. Qc2 e4 26. Nd4 Bd3 27. Qd2 Bd6 28. g3 Qb7 29. Ne2 Rad8 30. Nf4 Bc4 31. Nxd5 Bxb3 32. axb3 Qxb3 33. Ne3 Bf8 34. Qxd8 Rxd8 35. Rxd8 Qxb2 36. Re8 Qa3 37. c4 Kh7 38. Rxe4 Bc5 39. Kg2 a5 40. Rd1 a4 41. Rd7 Qb2 42. Rc7 Qb1 43. Re8 Bd6 44. Rd7 Qb6 45. Nd5 Qc6 46. Red8 Be5 47. Rxf7 Qxc4 48. Re7 Qe4+ 49. Kg1 Qb1+ 50. Kg2 Qb2 51. Rde8 Bd4 52. Re2 Qb5 53. Nf4 a3 54. Rd8 Bb2 55. Ree8 Qb7+ 56. f3 g5 57. Rb8 Qf7 58. Rf8 Qa2 59. Ne2 Be5 60. Rb7+ Kg6 61. Kf2 Qd5 62. Rfb8 Bxb8 63. Rxb8 Qc5+ 64. Kf1 Qe3 65. Ke1 Qxf3 66. Rb6+ Kh5 67. h3 Qh1+ 68. Kf2 Qxh3 69. g4+ Kxg4 70. Rb4+ Kf5 71. Ra4 Qd3 72. Ra5+ Kg4 73. Ra4+ Kh3 74. Ng1+ Kh2 75. Nf3+ Kh1 76. Rd4 Qxd4+ 77. Nxd4 a2 78. Nb3 Kh2 79. Ke2 g4 0-1

[Event "IECG TE.2003.P.01312 email"]
[Site "IECG email"]
[Date "2003.11.11"]
[Round "1"]
[White "Baroin, Bernard"]
[Black "Soldini, Paolo"]
[Result "1-0"]
[WhiteElo "1990"]
[BlackElo "1612"]
[PlyCount "87"]
[EventDate "2003.11.11"]
[EventType "tourn (corr)"]
[EventRounds "12"]
[SourceTitle "Corr 2024"]
[Source "ChessBase"]
[SourceDate "2023.10.19"]
[SourceVersion "1"]
[SourceVersionDate "2023.10.19"]
[SourceQuality "1"]

1. e4 c5 2. Nf3 Nc6 3. d4 cxd4 4. Nxd4 Nf6 5. Nc3 e6 6. Nxc6 bxc6 7. e5 Nd5 8. Ne4 Qc7 9. f4 Qb6 10. Qf3 Nb4 11. Qe2 Ba6 12. c4 Qd4 13. a3 Bxc4 14. Qxc4 Qxc4 15. Bxc4 Nc2+ 16. Kd2 Nxa1 17. Kc3 f5 18. Nd6+ Bxd6 19. exd6 Kf7 20. Be3 a5 21. Rxa1 a4 22. Rb1 h6 23. b4 axb3 24. Rxb3 Rhd8 25. g3 g6 26. h3 Ke8 27. Bc5 h5 28. Rb7 Rdb8 29. Rxb8+ Rxb8 30. a4 Ra8 31. Kb4 Rb8+ 32. Ka3 Ra8 33. Bb6 Kf7 34. h4 Kf6 35. a5 e5 36. a6 Rh8 37. a7 Re8 38. Kb4 Ra8 39. Ka5 Rf8 40. Ka6 c5 41. Bxc5 Rc8 42. Kb7 Rxc5 43. a8Q Rxc4 44. Qf8+ 1-0

[Event "IECG TE.2003.P.01312 email"]
[Site "IECG email"]
[Date "2003.11.11"]
[Round "1"]
[White "Ling, Anthony"]
[Black "Soldini, Paolo"]
[Result "1-0"]
[WhiteElo "1749"]
[BlackElo "1612"]
[PlyCount "131"]
[EventDate "2003.11.11"]
[EventType "tourn (corr)"]
[EventRounds "12"]
[SourceTitle "Corr 2024"]
[Source "ChessBase"]
[SourceDate "2023.10.19"]
[SourceVersion "1"]
[SourceVersionDate "2023.10.19"]
[SourceQuality "1"]

1. e4 c5 2. Nf3 Nc6 3. d4 cxd4 4. Nxd4 Nf6 5. Nc3 e6 6. Ndb5 Bb4 7. Bf4 0-0 8. Bc7 Qe7 9. Bd6 Bxd6 10. Qxd6 Ne8 11. Qxe7 Nxe7 12. Rd1 f5 13. f3 fxe4 14. fxe4 Ng6 15. Nd6 Nxd6 16. Rxd6 Ne5 17. Be2 b6 18. h3 Bb7 19. Bb5 Rad8 20. Ke2 Kf7 21. Rhd1 Ke7 22. a3 Bd5 23. R6xd5 exd5 24. Nxd5+ Ke6 25. Ba4 Kf7 26. Bb3 Kg6 27. Ne3 Rde8 28. Nf5 Rf6 29. c3 h6 30. Ke3 Kh7 31. Nd6 Ref8 32. Rd5 Nc6 33. Nf5 Re8 34. g4 Rfe6 35. Rxd7 Rxe4+ 36. Kf2 Re2+ 37. Kg3 Ne7 38. Nd4 Re3+ 39. Kg2 a5 40. Rb7 Nc8 41. Bc2+ Kh8 42. Bg6 Rg8 43. Bf5 Rd8 44. h4 Nd6 45. Rxb6 Nxf5 46. gxf5 Kg8 47. a4 Rd5 48. Rb5 Rxb5 49. axb5 Re7 50. Kf3 a4 51. c4 Rc7 52. Nc6 Rb7 53. Ne5 Rb8 54. Ke4 h5 55. Kd4 Rd8+ 56. Kc3 Re8 57. Nc6 Re4 58. c5 Re3+ 59. Kc4 Re4+ 60. Nd4 Rxh4 61. b6 Rh2 62. b4 a3 63. b7 a2 64. b8Q+ Kh7 65. Ne6 Rh4+ 66. Kb3 1-0

[Event "IECG CP.2003.P.00027 email"]
[Site "IECG email"]
[Date "2003.10.01"]
[Round "?"]
[White "Soldini, Paolo"]
[Black "Westermeyer, Andrew"]
[Result "1-0"]
[WhiteElo "1612"]
[BlackElo "1948"]
[PlyCount "101"]
[EventDate "2003.10.01"]
[EventType "tourn (corr)"]
[EventRounds "6"]
[EventCountry "CRO"]
[SourceTitle "Corr 2008"]
[Source "ChessBase"]
[SourceDate "2008.06.24"]
[SourceVersion "1"]
[SourceVersionDate "2008.06.24"]
[SourceQuality "1"]

1. e4 c5 2. Nf3 e6 3. d4 cxd4 4. Nxd4 a6 5. Nc3 Qc7 6. Bd3 Nc6 7. Nf3 Nf6 8. 0-0 Bc5 9. Bg5 Be7 10. Qd2 0-0 11. Rad1 d6 12. a4 b6 13. Be2 Rd8 14. Nd4 Bb7 15. Nxc6 Bxc6 16. Qd4 h6 17. Be3 b5 18. axb5 axb5 19. Nxb5 Qb7 20. c4 e5 21. Qb6 Ra2 22. Qxb7 Bxb7 23. f3 Rxb2 24. Rd2 Rb3 25. Bb6 Rd7 26. Ba5 Bc6 27. Rc1 d5 28. exd5 Bc5+ 29. Kf1 Bxb5 30. cxb5 Be3 31. Rc8+ Kh7 32. Rd1 Rxd5 33. Rxd5 Nxd5 34. Bc4 Rb1+ 35. Ke2 Rb2+ 36. Kd3 Bb6 37. Bd2 Nf4+ 38. Bxf4 exf4 39. g4 fxg3 40. hxg3 f6 41. Kc3 Rf2 42. Bd3+ g6 43. f4 f5 44. Rc6 Ba5+ 45. Kd4 Rg2 46. b6 Bxb6+ 47. Rxb6 Rxg3 48. Rb7+ Kh8 49. Bc4 Ra3 50. Ke5 Ra4 51. Rc7 1-0

[Event "IECG CP.2003.P.00027 email"]
[Site "IECG email"]
[Date "2003.10.01"]
[Round "?"]
[White "Vidalina, Franjo"]
[Black "Soldini, Paolo"]
[Result "1/2-1/2"]
[WhiteElo "2018"]
[BlackElo "1612"]
[PlyCount "101"]
[EventDate "2003.10.01"]
[EventType "tourn (corr)"]
[EventRounds "6"]
[EventCountry "CRO"]
[SourceTitle "Corr 2008"]
[Source "ChessBase"]
[SourceDate "2008.06.24"]
[SourceVersion "1"]
[SourceVersionDate "2008.06.24"]
[SourceQuality "1"]

1. d4 d5 2. c4 e6 3. Nc3 Nf6 4. cxd5 exd5 5. Bg5 Be7 6. e3 0-0 7. Bd3 Re8 8. Qc2 Nbd7 9. Nge2 c5 10. dxc5 Nxc5 11. 0-0 Nxd3 12. Qxd3 Be6 13. Rfd1 Ng4 14. Bxe7 Qxe7 15. h3 Nf6 16. Rac1 Rac8 17. Nf4 Rc5 18. Qf1 g5 19. Nfe2 Rec8 20. Qe1 Rc4 21. f3 Qd6 22. Nd4 Qe5 23. Rd3 Bd7 24. Rcd1 h6 25. Qf2 Qe7 26. Rf1 Rf8 27. a3 a6 28. Rdd1 b5 29. Nc2 Be6 30. Nb4 Qb7 31. f4 a5 32. fxg5 Ng4 33. hxg4 axb4 34. gxh6 Rxg4 35. Rd4 Rg6 36. Rxb4 Bh3 37. Rxb5 Qa6 38. Rxd5 Qe6 39. h7+ Kh8 40. Qf4 Rxg2+ 41. Kh1 Rg4 42. Qf6+ Qxf6 43. Rxf6 Bg2+ 44. Kh2 Bxd5 45. Nxd5 Kxh7 46. Kh3 Rg5 47. e4 Kg7 48. Rf4 Rb8 49. b4 Rh8+ 50. Rh4 Ra8 51. Rg4 1/2-1/2

[Event "IECC CL4-2003.12 email"]
[Site "IECC email"]
[Date "2003.05.23"]
[Round "?"]
[White "Soldini, Paolo"]
[Black "Endean, Andrew"]
[Result "1/2-1/2"]
[WhiteElo "1639"]
[BlackElo "1714"]
[PlyCount "60"]
[EventDate "2003.??.??"]
[EventType "tourn (corr)"]
[EventRounds "4"]
[SourceTitle "Corr 2008"]
[Source "ChessBase"]
[SourceDate "2008.06.24"]
[SourceVersion "1"]
[SourceVersionDate "2008.06.24"]
[SourceQuality "1"]

1. e4 e5 2. Nf3 Nf6 3. Nxe5 d6 4. Nf3 Nxe4 5. Nc3 Nxc3 6. dxc3 Be7 7. Bd3 Nc6 8. 0-0 Bg4 9. Be4 Qd7 10. Re1 Be6 11. Nd4 Nxd4 12. Qxd4 Bf6 13. Qb4 c6 14. Bf4 d5 15. Rad1 Be7 16. Qa4 b5 17. Qd4 0-0 18. Qd3 f5 19. Bf3 Bc5 20. b4 Bb6 21. a4 a6 22. a5 Ba7 23. Be3 Bxe3 24. Qxe3 Rfe8 25. h4 Bf7 26. Qb6 Reb8 27. Qd4 Re8 28. Qb6 Reb8 29. Qd4 Re8 30. Qb6 Reb8 1/2-1/2

[Event "IECG TE.2002.P.01103 email"]
[Site "IECG email"]
[Date "2002.12.30"]
[Round "?"]
[White "Soldini, Paolo"]
[Black "Traczewski, Wojciech"]
[Result "1-0"]
[WhiteElo "1577"]
[BlackElo "2238"]
[PlyCount "77"]
[EventDate "2002.12.30"]
[EventType "tourn (corr)"]
[EventRounds "8"]
[SourceTitle "Corr 2008"]
[Source "ChessBase"]
[SourceDate "2008.06.24"]
[SourceVersion "1"]
[SourceVersionDate "2008.06.24"]
[SourceQuality "1"]

1. d4 Nf6 2. c4 c5 3. d5 e6 4. Nc3 exd5 5. cxd5 d6 6. e4 g6 7. Nf3 Bg7 8. Bd3 0-0 9. 0-0 a6 10. Bg5 h6 11. Bf4 b5 12. Qd2 b4 13. Nd1 g5 14. Bg3 Nxe4 15. Bxe4 f5 16. Bd3 f4 17. Ne3 fxg3 18. fxg3 Ra7 19. g4 Raf7 20. Bf5 Bd7 21. Qc2 Kh8 22. Rac1 Bb5 23. Rfe1 Nd7 24. Bg6 Rf6 25. b3 Rf4 26. Bf5 a5 27. Nc4 Nf6 28. Ne3 Qa8 29. Rcd1 a4 30. h4 Ng8 31. hxg5 Bc3 32. Qf2 axb3 33. axb3 Qd8 34. Qg3 Be5 35. Nxe5 dxe5 36. gxh6 Nxh6 37. d6 Qg5 38. Qh2 Kg7 39. Nd5 1-0

[Event "IECG WC.2002.F.00010 email"]
[Site "IECG email"]
[Date "2002.12.15"]
[Round "?"]
[White "Altea, Eduardo"]
[Black "Soldini, Paolo"]
[Result "1/2-1/2"]
[WhiteElo "1628"]
[BlackElo "1577"]
[PlyCount "100"]
[EventDate "2002.12.15"]
[EventType "tourn (corr)"]
[EventRounds "10"]
[SourceTitle "Corr 2008"]
[Source "ChessBase"]
[SourceDate "2008.06.24"]
[SourceVersion "1"]
[SourceVersionDate "2008.06.24"]
[SourceQuality "1"]

1. e4 e5 2. Nf3 Nc6 3. Bc4 Bc5 4. c3 Nf6 5. d4 exd4 6. cxd4 Bb4+ 7. Nc3 Nxe4 8. 0-0 Bxc3 9. d5 Ne5 10. bxc3 Nxc4 11. Qd4 0-0 12. Qxe4 Nd6 13. Qd3 b6 14. Bg5 f6 15. Bf4 Nf7 16. Rfe1 d6 17. Nd4 Ne5 18. Qe2 Re8 19. Bg3 Bg4 20. Qc2 Qd7 21. Rac1 c5 22. dxc6 Nxc6 23. f3 Rxe1+ 24. Rxe1 Nxd4 25. cxd4 Be6 26. Rc1 Rd8 27. a3 Bd5 28. Qc7 h6 29. Kf2 b5 30. h4 Bc4 31. Qxd7 Rxd7 32. Bf4 Kf7 33. Re1 g5 34. Bd2 Bd5 35. hxg5 fxg5 36. Bb4 h5 37. Rh1 Kg6 38. Re1 h4 39. Re8 g4 40. fxg4 Kg5 41. Rb8 Bc4 42. Kf3 Rf7+ 43. Ke3 Re7+ 44. Kf3 Bd5+ 45. Kf2 Kxg4 46. Bxd6 Rf7+ 47. Kg1 Rb7 48. Rxb7 Bxb7 49. Bc7 Bd5 50. Kh2 Ba8 1/2-1/2

[Event "IECG CP.2002.P.00019 email"]
[Site "IECG email"]
[Date "2002.10.01"]
[Round "?"]
[White "Seipel, Andreas"]
[Black "Soldini, Paolo"]
[Result "1-0"]
[WhiteElo "2300"]
[BlackElo "1577"]
[PlyCount "165"]
[EventDate "2002.10.01"]
[EventType "tourn (corr)"]
[EventRounds "6"]
[EventCountry "GER"]
[SourceTitle "Corr 2008"]
[Source "ChessBase"]
[SourceDate "2008.06.24"]
[SourceVersion "1"]
[SourceVersionDate "2008.06.24"]
[SourceQuality "1"]

1. d4 d5 2. c4 e6 3. Nc3 Nf6 4. cxd5 exd5 5. Bg5 Be7 6. e3 0-0 7. Bd3 Re8 8. Nge2 c6 9. Qc2 Nbd7 10. 0-0 Nf8 11. f3 Be6 12. Bh4 Ng6 13. Bf2 Bd6 14. Kh1 Nh5 15. Rad1 Qc7 16. Bg1 Nf8 17. e4 dxe4 18. fxe4 f6 19. d5 Bg4 20. Rd2 Kh8 21. Nd1 Bd7 22. dxc6 bxc6 23. Bc4 Red8 24. Ne3 Be5 25. Rfd1 Nf4 26. Nd4 Rab8 27. Bb3 Re8 28. Ndf5 Be6 29. Nc4 N4g6 30. Bc5 Bf4 31. Rd3 a5 32. Rc3 Red8 33. Rxd8 Qxd8 34. Nd4 Bxc4 35. Rxc4 Ne5 36. Ra4 Nfg6 37. Qc3 Ra8 38. g3 Bh6 39. Kg2 Bg5 40. Be6 Qe8 41. Bf5 Qd8 42. Qc2 Bh6 43. b3 Rb8 44. Ne6 Qd2+ 45. Qxd2 Bxd2 46. Bd6 Ra8 47. Bxg6 Nxg6 48. Rc4 Kg8 49. Rxc6 Re8 50. Bc7 Bb4 51. Kf3 Kf7 52. Nf4 Ne5+ 53. Bxe5 Rxe5 54. Rc7+ Re7 55. Rxe7+ Bxe7 56. Ke3 Bc5+ 57. Kd3 Bg1 58. h3 g6 59. Kc4 h5 60. Kb5 Bh2 61. Ne2 Ke6 62. Nd4+ Kd6 63. g4 hxg4 64. hxg4 Be5 65. Nc6 Bg3 66. a4 Bf2 67. Nxa5 Ke5 68. Nb7 Kxe4 69. Nc5+ Kd5 70. b4 Bg3 71. a5 f5 72. gxf5 gxf5 73. a6 Bb8 74. Kb6 f4 75. Kb7 f3 76. Nd3 Kd4 77. Kxb8 Kxd3 78. a7 f2 79. a8Q Ke2 80. Qg2 Ke1 81. b5 f1Q 82. Qxf1+ Kxf1 83. b6 1-0

[Event "IECG CP.2002.P.00019 email"]
[Site "IECG email"]
[Date "2002.10.01"]
[Round "?"]
[White "Soldini, Paolo"]
[Black "Bottoni, Carlo"]
[Result "1-0"]
[WhiteElo "1577"]
[BlackElo "1000"]
[PlyCount "59"]
[EventDate "2002.10.01"]
[EventType "tourn (corr)"]
[EventRounds "6"]
[EventCountry "GER"]
[SourceTitle "Corr 2008"]
[Source "ChessBase"]
[SourceDate "2008.06.24"]
[SourceVersion "1"]
[SourceVersionDate "2008.06.24"]
[SourceQuality "1"]

1. e4 e5 2. Bc4 Bc5 3. Nf3 Nc6 4. d3 Nf6 5. Nc3 Bd6 6. 0-0 Na5 7. Bb3 c6 8. d4 Qe7 9. Re1 Nxb3 10. axb3 0-0 11. dxe5 Bxe5 12. Nxe5 Qxe5 13. f4 Qe6 14. e5 Nd5 15. Nxd5 cxd5 16. Be3 b6 17. f5 Qxe5 18. Bc5 Qxf5 19. Bxf8 Kxf8 20. Qe2 g6 21. Qe7+ Kg8 22. Re5 Qxc2 23. Qd8+ Kg7 24. Rf1 f5 25. Re7+ Kh6 26. Qf8+ Kg5 27. h4+ Kh5 28. Rxh7+ Kg4 29. Qb4+ Qc4 30. bxc4 1-0

[Event "IECC CL5-2002.03"]
[Site "IECC email"]
[Date "2002.02.20"]
[Round "?"]
[White "Tavani, Alberto"]
[Black "Soldini, Paolo"]
[Result "0-1"]
[WhiteElo "1369"]
[BlackElo "1476"]
[PlyCount "80"]
[EventDate "2002.??.??"]
[EventType "tourn (corr)"]
[EventRounds "4"]
[SourceTitle "Corr 2008"]
[Source "ChessBase"]
[SourceDate "2008.06.24"]
[SourceVersion "1"]
[SourceVersionDate "2008.06.24"]
[SourceQuality "1"]

1. e4 e5 2. Nf3 Nf6 3. Nxe5 Qe7 4. d4 d6 5. Nf3 Nxe4 6. Be2 d5 7. 0-0 Nc6 8. c4 dxc4 9. Bxc4 Bg4 10. Bd5 0-0-0 11. Bxc6 bxc6 12. Re1 f5 13. Nc3 Nxc3 14. Qd3 Ne4 15. Qa6+ Kb8 16. Ne5 Rd6 17. f3 Qe8 18. Re3 c5 19. Rb3+ Rb6 20. fxe4 cxd4 21. Nxg4 fxg4 22. Bf4 Rxb3 23. axb3 Bc5 24. Qd3 Bb6 25. b4 Rf8 26. Bg3 g5 27. Bf2 Rf4 28. Re1 Qf8 29. Re2 Qxb4 30. e5 Qe7 31. Bg3 Rf8 32. b4 Qxb4 33. Be1 Qe7 34. e6 Rf6 35. Bf2 Rxe6 36. Rb2 h5 37. Rb1 Qd7 38. Rc1 h4 39. Rd1 Qd5 40. Ra1 Qe4 0-1

[Event "IECC KO email"]
[Site "IECC email"]
[Date "2002.02.15"]
[Round "?"]
[White "Jimenez Haertel, Walter"]
[Black "Soldini, Paolo"]
[Result "0-1"]
[WhiteElo "1287"]
[BlackElo "1513"]
[PlyCount "46"]
[EventDate "2002.??.??"]
[EventType "tourn (corr)"]
[EventRounds "6"]
[SourceTitle "Corr 2008"]
[Source "ChessBase"]
[SourceDate "2008.06.24"]
[SourceVersion "1"]
[SourceVersionDate "2008.06.24"]
[SourceQuality "1"]

1. e4 e5 2. Nf3 Nc6 3. d4 exd4 4. Nxd4 Qh4 5. Nc3 Bb4 6. Be2 Qxe4 7. Ndb5 Bxc3+ 8. bxc3 Kd8 9. 0-0 Nf6 10. Be3 Re8 11. Re1 d6 12. Bc5 Qd5 13. Ba3 a6 14. Nd4 Bg4 15. Bxg4 Rxe1+ 16. Qxe1 Nxg4 17. Qe2 Nge5 18. Qh5 Nxd4 19. Qxh7 Ne2+ 20. Kf1 Qc4 21. Qg8+ Kd7 22. Qxa8 Nf4+ 23. Kg1 Qe4 0-1

[Event "IECG TE.2000.S.00403 email"]
[Site "IECG email"]
[Date "2001.10.13"]
[Round "?"]
[White "Soldini, Paolo"]
[Black "Krensing, Jan"]
[Result "0-1"]
[WhiteElo "1519"]
[BlackElo "1991"]
[PlyCount "30"]
[EventDate "2001.10.13"]
[EventType "tourn (corr)"]
[EventRounds "10"]
[SourceTitle "Corr 2008"]
[Source "ChessBase"]
[SourceDate "2008.06.24"]
[SourceVersion "1"]
[SourceVersionDate "2008.06.24"]
[SourceQuality "1"]

1. e4 e5 2. Nf3 Nc6 3. Bc4 Nf6 4. Ng5 Bc5 5. Nxf7 Bxf2+ 6. Kf1 Qe7 7. Nxh8 d5 8. exd5 Nd4 9. d6 cxd6 10. c3 Bg4 11. Qa4+ Kf8 12. Bd3 Ne4 13. Bxe4 Qf6 14. Bf3 Bxf3 15. cxd4 Bxd4 0-1

[Event "IECG TE.2000.S.00403 email"]
[Site "IECG email"]
[Date "2001.10.13"]
[Round "?"]
[White "Soldini, Paolo"]
[Black "Sabean, Steven"]
[Result "0-1"]
[WhiteElo "1519"]
[BlackElo "1487"]
[PlyCount "84"]
[EventDate "2001.10.13"]
[EventType "tourn (corr)"]
[EventRounds "10"]
[SourceTitle "Corr 2008"]
[Source "ChessBase"]
[SourceDate "2008.06.24"]
[SourceVersion "1"]
[SourceVersionDate "2008.06.24"]
[SourceQuality "1"]

1. e4 e5 2. Nf3 Nc6 3. Bc4 Nf6 4. Ng5 Bc5 5. Nxf7 Bxf2+ 6. Kf1 Qe7 7. Nxh8 d5 8. exd5 Nd4 9. d6 Qxd6 10. c3 Bg4 11. Qa4+ Nd7 12. Kxf2 Qf6+ 13. Ke1 0-0-0 14. cxd4 exd4 15. Nc3 dxc3 16. Be2 cxb2 17. Rb1 Bxe2 18. Kxe2 Qe6+ 19. Kd1 Nc5 20. Qh4 bxc1Q+ 21. Rxc1 Qxa2 22. Qh3+ Kb8 23. Qc3 b6 24. Rf1 Rxh8 25. Qxg7 Rd8 26. Rf2 Kb7 27. Qxh7 Qa4+ 28. Ke2 Qd4 29. Kf1 Qd3+ 30. Qxd3 Nxd3 31. Rd1 Nxf2 32. Kxf2 a5 33. h4 a4 34. g4 a3 35. Ke3 Rg8 36. Kf4 b5 37. Rb1 Kc6 38. h5 Rb8 39. h6 b4 40. Rc1+ Kd6 41. Ra1 b3 42. Rxa3 b2 0-1

[Event "IECG TE.2001.P.00802 email"]
[Site "IECG email"]
[Date "2001.10.05"]
[Round "?"]
[White "Muller, Henry"]
[Black "Soldini, Paolo"]
[Result "1-0"]
[WhiteElo "2097"]
[BlackElo "1519"]
[PlyCount "143"]
[EventDate "2001.10.05"]
[EventType "tourn (corr)"]
[EventRounds "8"]
[SourceTitle "Corr 2008"]
[Source "ChessBase"]
[SourceDate "2008.06.24"]
[SourceVersion "1"]
[SourceVersionDate "2008.06.24"]
[SourceQuality "1"]

1. e4 d6 2. d4 Nf6 3. Nc3 g6 4. Nf3 Bg7 5. Be3 0-0 6. Qd2 Ng4 7. Bg5 c5 8. h3 cxd4 9. Nxd4 Ne5 10. Be2 Nbc6 11. Nd5 f6 12. Be3 f5 13. exf5 Nxd4 14. Bxd4 Bxf5 15. 0-0 e6 16. Ne3 Be4 17. Rad1 Qg5 18. Ng4 Qxd2 19. Rxd2 Rfc8 20. Nxe5 dxe5 21. Bc3 Bd5 22. a3 Rd8 23. Re1 Rac8 24. Ba5 Rf8 25. Bb5 Rc5 26. a4 Rf4 27. c3 a6 28. Bb4 Rc8 29. Bd3 a5 30. Bxa5 Rxa4 31. Bb4 Ra2 32. Be4 Bc6 33. Ba3 Bh6 34. Rdd1 Bxe4 35. Rxe4 Bf8 36. Bxf8 Kxf8 37. Rb4 Rc7 38. Rd6 Ke7 39. Rdb6 Ra7 40. Kf1 Rd7 41. R6b5 Kf6 42. Ke2 h6 43. g3 Rc7 44. Rh4 Rh7 45. Re4 Ra2 46. f4 g5 47. fxe5+ Kg6 48. Reb4 Ra7 49. Rb6 Kf5 50. Kf3 Re7 51. R4b5 Kg6 52. c4 h5 53. Ke4 Kf7 54. c5 Ke8 55. b4 Kd8 56. Rd6+ Kc7 57. Ra5 Rxa5 58. bxa5 Re8 59. Kd4 h4 60. g4 Ra8 61. Rxe6 Rxa5 62. Rh6 Ra4+ 63. Kd5 Ra3 64. Rh7+ Kd8 65. Rxb7 Rxh3 66. e6 Rd3+ 67. Ke5 h3 68. c6 Rc3 69. Rd7+ Ke8 70. Rh7 Rxc6 71. Kf6 Kd8 72. Rxh3 1-0